بازیافت : (Record no. 106385)

MARC details
000 -LEADER
fixed length control field 00886nam a22002537a 4500
005 - DATE AND TIME OF LATEST TRANSACTION
control field 20170123162307.0
010 ## - LIBRARY OF CONGRESS CONTROL NUMBER
LC control number B-429365
020 ## - INTERNATIONAL STANDARD BOOK NUMBER
Terms of availability 200.00
035 ## - SYSTEM CONTROL NUMBER
System control number B-429365
037 ## - SOURCE OF ACQUISITION
Source of stock number/acquisition Cen Lib/Ret
040 ## - CATALOGING SOURCE
Original cataloging agency DPL
Language of cataloging UR
082 ## - DEWEY DECIMAL CLASSIFICATION NUMBER
Classification number 841
Item number ر و ن
100 ## - MAIN ENTRY--PERSONAL NAME
Personal name رونق مصوور عارفی
9 (RLIN) 814
245 ## - TITLE STATEMENT
Title بازیافت :
Statement of responsibility, etc رونق مصوور عارفی
Remainder of title شیری مجمع /
246 ## - VARYING FORM OF TITLE
Title proper/short title Bazyaft : shayri majmua /
Remainder of title by Raunaq Musavvir Aarfi
260 ## - PUBLICATION, DISTRIBUTION, ETC. (IMPRINT)
Place of publication, distribution, etc دہلی
Name of publisher, distributor, etc کتابی دنیا
Date of publication, distribution, etc 2009
270 ## - ADDRESS
Address ١٩٥٥، گلی نواب مرزا ترکمان گیٹ
City دہلی
Postal code 110006
300 ## - PHYSICAL DESCRIPTION
Extent 160p.
Dimensions 21cm(Hb)
650 ## - SUBJECT ADDED ENTRY--TOPICAL TERM
Topical term or geographic name as entry element ادب - اردو
9 (RLIN) 134386
650 ## - SUBJECT ADDED ENTRY--TOPICAL TERM
Topical term or geographic name as entry element اردو شاعری کا مجموعہ
9 (RLIN) 111213
650 ## - SUBJECT ADDED ENTRY--TOPICAL TERM
Topical term or geographic name as entry element Literature -- Urdu
9 (RLIN) 134387
650 ## - SUBJECT ADDED ENTRY--TOPICAL TERM
Topical term or geographic name as entry element Urdu poetry collection
9 (RLIN) 111215
942 ## - ADDED ENTRY ELEMENTS (KOHA)
Source of classification or shelving scheme Dewey Decimal Classification
Koha item type Urdu Bks
Classification part 841
Call number suffix ر و ن
Holdings
Withdrawn status Lost status Source of classification or shelving scheme Damaged status Not for loan Collection code Home library Current library Date acquired Source of acquisition Cost, normal purchase price Total Checkouts Full call number Barcode Date last seen Date checked out Copy number Cost, replacement price Price effective from Koha item type
    Dewey Decimal Classification   Ordered Non-fiction Central Library Central Library 19/12/2015 Cen Lib/Ret 200.00 1 841 ر و ن B-429365 23/08/2017 10/08/2017 1 200.00 19/12/2015 Urdu Bks
    Dewey Decimal Classification   Ordered Non-fiction Karol Bagh Karol Bagh 01/09/2017 BPPD/UR/2010-11/7/86/294/24.3.11/KKP/141/26.3.11/30.3.11 200.00   841 ر و ن B-429368 01/09/2017   1 200.00 01/09/2017 Urdu Bks
    Dewey Decimal Classification   Ordered Non-fiction Patel Nagar Patel Nagar 01/09/2017 BPPD/UR/2010-11/7/86/294/24.3.11/KKP/141/26.3.11/30.3.11 200.00   841 ر و ن B-429366 01/09/2017   1 200.00 01/09/2017 Urdu Bks
    Dewey Decimal Classification   Ordered Non-fiction Sarojini Nagar Sarojini Nagar 01/09/2017 BPPD/UR/2010-11/7/86/294/24.3.11/KKP/141/26.3.11/30.3.11 200.00   841 ر و ن B-429367 01/09/2017   1 200.00 01/09/2017 Urdu Bks
  Written-off vide DLB M. No. 383 dt 16.05.19 Dewey Decimal Classification   Ordered Non-fiction Shahdara Branch Shahdara Branch 01/09/2017 BPPD/UR/2010-11/7/86/294/24.3.11/KKP/141/26.3.11/30.3.11 200.00   841 ر و ن B-429369 01/09/2017   1 200.00 01/09/2017 Urdu Bks

© Delhi Public Library
Hit Counter
free hit counter